000 00394nam a2200157Ia 4500
008 221030s9999 xx 000 0 und d
020 _a8120308999
041 _aEnglish
082 _a105.23
_bRob
100 _aS. P. Robbins
245 0 _aEssentials of Organizational Bahaviour
_cby S. P. Robbins
260 _bPHI
_aNew Delhi
_c2002
300 _a294
650 _aBE Management
942 _cBK
999 _c8101
_d8101